000 01118nam0a22002531 4500
001 rc\4134109
005 20260407170428.0
035 _a(NLR Aleph) 007986261
090 _a8550827
_c8550827
100 _a20130415d1951 |||y0rusy50 ca
101 0 _arus
102 _aRU
105 _ay z |||||
200 1 _aСписок изданных докладов, сделанных на Научно-техническом совещании работников промышленности, деятелей науки и техники города Ленинграда. 25-30-VI-1951 года
210 _a[Ленинград
_cБ. и.
_d1951?]
215 _a32 л.
_d29
300 _aТекст на одной стороне листа
300 _aЛитогр.
710 1 2 _aНаучно-техническое совещание работников промышленности, деятелей науки и техники
_f1951
_eЛенинград
_3RU\NLR\AUTH\8810106362
_9712980
801 0 _aRU
_bNLR
_gpsbo
801 1 _aRU
_bELAR
_2rusmarc
852 _aNLR
_jС301-120/С-72
942 _cBOOK
980 _aNB